World Civilizations / Instructor's Manual Sixth Edition (Record no. 5602)
[ view plain ]
| 000 -LEADER | |
|---|---|
| fixed length control field | 01004cam a22002174a 4500 |
| 005 - ΗΜΕΡΟΜΗΝΙΑ ΚΑΙ ΩΡΑ ΤΕΛΕΥΤΑΙΑΣ ΕΝΗΜΕΡΩΣΗΣ | |
| Πεδίο ελέγχου | 20250605164217.0 |
| 008 - FIXED-LENGTH DATA ELEMENTS--GENERAL INFORMATION | |
| Πεδίο ελέγχου σταθερού μήκους | 250528s ||||||||||||||||||||||||d |
| 035 ## - SYSTEM CONTROL NUMBER | |
| System control number | 20500 |
| 020 ## - ISBN | |
| ISBN | 393950891 |
| 040 ## - ΠΗΓΗ ΚΑΤΑΛΟΓΟΓΡΑΦΗΣΗΣ | |
| Φορέας πρωτότυπης καταλογογράφησης | MC Athens Campus Library |
| Γλώσσα καταλογογράφησης | Ελληνικά, Μοντέρνα (1453-) |
| Modifying agency | MC Athens Campus Library |
| Κανόνες περιγραφικής καταλογογράφησης | AACR2 |
| 245 1# - ΤΙΤΛΟΣ ΚΑΙ ΔΗΛΩΣΗ ΥΠΕΥΘΥΝΟΤΗΤΑΣ | |
| Τίτλος | World Civilizations / Instructor's Manual Sixth Edition |
| 250 ## - EDITION STATEMENT | |
| Edition statement | 6th |
| 260 ## - PUBLICATION, DISTRIBUTION, ETC. | |
| Name of publisher, distributor, etc. | W.W. Norton & Company |
| 300 ## - PHYSICAL DESCRIPTION | |
| Extent | 346 |
| 505 0# - FORMATTED CONTENTS NOTE | |
| Formatted contents note | Preface, The Dawn of History, The World in the Classical Era, The World in the Middle Ages, The Early Modern Wrld, The French and Industrial Revolutions and Their Consequences, The West at the World's Center, The Emergence of World Civilizations. |
| 520 ## - SUMMARY, ETC. | |
| Summary, etc. | Preface, The Dawn of History, The World in the Classical Era, The World in the Middle Ages, The Early Modern Wrld, The French and Industrial Revolutions and Their Consequences, The West at the World's Center, The Emergence of World Civilizations. |
| 700 1# - ΠΡΟΣΘΕΤΗ ΑΝΑΓΡΑΦΗ--ΦΥΣΙΚΟ ΠΡΟΣΩΠΟ | |
| Personal name | Szemler G. L |
| 9 (RLIN) | 6484 |
| 942 ## - ADDED ENTRY ELEMENTS (KOHA) | |
| Koha item type | Books |
| Τύπος τεκμηρίου | Βιβλιοθήκη | Τρέχουσα τοποθεσία | Barcode | Αριθμός εισαγωγής | Ημερομηνία απόκτησης | Ταξιθετικό σύμβολο | Αριθμός αντιτύπου | Κατάσταση απόσυρσης | Κατάσταση χαμένου | Κατάσταση κατεστραμμένου | Μη δανεισμός | Σύνολο δανεισμών | Ημερομηνία τελευταίας εμφάνισης | Η τιμή ισχύει από |
|---|---|---|---|---|---|---|---|---|---|---|---|---|---|---|
| Books | MC Athens Campus Library | MC Athens Campus Library | 9780000056016 | 6978 | 05/06/2025 | 909 SZE | 2 | 05/06/2025 | 05/06/2025 |